000 00634nam a22001937a 4500
003 OSt
005 20151112095111.0
008 151112b xxu||||| |||| 00| 0 eng d
040 _aSEKU
050 _aDG 555
_b.M53
130 _aModern Italy from expansion tothe second world war
245 _aModern Italy from expansion tothe second world war
_cOmar Calabrese editor
260 _aItaly:
_bElecta Editrice milan,
_c1982.
300 _aV.
504 _aincludes bibliographic references.
650 _2
_aItaly--Civilization--1268-1559
_vItaly--Civilization--1559-1789.
700 _aCalabrese, Omar editor
942 _2lcc
_cGEN
999 _c9737
_d9737